[Event "Nationale I Jeune, Cannes"]
[Site "Cannes"]
[Date "1998.??.??"]
[Round "?"]
[White "Giordano, Julien"]
[Black "Laurens, Julia"]
[Result "0-1"]
[WhiteElo "2730"]
[BlackElo "2790"]
[PlyCount "26"]
[EventDate "1998.??.??"]
[Source "www.chesslib.no"]
[SourceDate "2004.05.04"]

1. e4 e5 2. Nf3 Nc6 3. Nc3 Nf6 4. Bc4 Bc5 5. d3 d6 6. O-O Bg4 7. Qe2 Nd4 8. Qd1 Nxf3+ 9. gxf3 Bd7 10. Nd5 c6 11. Nxf6+ Qxf6 12. Qe2 Bh3 13. Re1 Qg6+ 0-1

[Event "Nationale I Jeune, Vandoeuvre"]
[Site "?"]
[Date "1998.??.??"]
[Round "?"]
[White "Wendling, Jerome"]
[Black "Marx, Nora"]
[Result "1-0"]
[WhiteElo "2780"]
[BlackElo "2600"]
[PlyCount "81"]
[EventDate "1998.??.??"]
[Source "www.chesslib.no"]
[SourceDate "2004.05.04"]

1. e4 e5 2. Nf3 Nc6 3. Nc3 Nf6 4. Bc4 Bc5 5. d3 d6 6. O-O Bg4 7. Bg5 Nd4 8. Kh1 Nxf3 9. gxf3 Bh3 10. Rg1 Bxf2 11. Bxf6 Qxf6 12. Nd5 Qd8 13. Rxg7 c6 14. Nc3 Rf8 15. Rxh7 d5 16. exd5 b5 17. Qe2 bxc4 18. Qxe5+ Qe7 19. Qxe7+ Kxe7 20. Rxh3 Rab8 21. Rf1 Bd4 22. Rh4 Bc5 23. Rxc4 Kd6 24. d4 Bb6 25. Rxc6+ Kd7 26. Re1 Bxd4 27. b3 Rg8 28. Ne4 Rg7 29. c3 Bb6 30. f4 Rbg8 31. Nf6+ Kd8 32. Nxg8 Rxg8 33. Rf6 Bf2 34. Rf1 Be3 35. Rxf7 Kc8 36. d6 Bb6 37. Rd1 Bc5 38. d7+ Kd8 39. Rf5 Be3 40. Rb5 Bb6 41. a4 1-0

[Event "Nationale I Jeune, Cannes"]
[Site "Cannes"]
[Date "1998.??.??"]
[Round "?"]
[White "Decoust, Hugo"]
[Black "Laurens, Julia"]
[Result "0-1"]
[WhiteElo "2480"]
[BlackElo "2790"]
[PlyCount "42"]
[EventDate "1998.??.??"]
[Source "www.chesslib.no"]
[SourceDate "2004.05.04"]

1. e4 e5 2. Nf3 Nc6 3. Nc3 Nf6 4. Bc4 Bc5 5. d3 d6 6. O-O Bg4 7. Bxf7+ Kxf7 8. Ng5+ Ke8 9. Qd2 h6 10. Ne6 Bxe6 11. Nb5 a6 12. Na3 b5 13. c3 Rf8 14. d4 exd4 15. cxd4 Nxd4 16. b4 Bb6 17. Bb2 Nc6 18. Rac1 Na7 19. Bxf6 Qxf6 20. Qe3 Bxe3 21. fxe3 Qe7 0-1

[Event "Zagreb"]
[Site "Zagreb Zagreb"]
[Date "1985.??.??"]
[Round "?"]
[White "Ivanovic, Bozidar"]
[Black "Timman, Jan Hein"]
[Result "1/2-1/2"]
[WhiteElo "2515"]
[BlackElo "2650"]
[PlyCount "25"]
[EventDate "1985.??.??"]
[Source "www.chesslib.no"]
[SourceDate "2004.05.04"]

1. e4 e5 2. Nf3 Nc6 3. Bc4 Nf6 4. d3 Bc5 5. Nc3 d6 6. Bg5 h6 7. Bxf6 Qxf6 8. Nd5 Qd8 9. c3 a6 10. d4 exd4 11. cxd4 Ba7 12. h3 Ne7 13. Rb1 1/2-1/2

[Event "Vidmar mem 15th"]
[Site "Terme Zrece"]
[Date "2003.08.23"]
[Round "6"]
[White "Sermek, Drazen"]
[Black "Halkias, Stelios"]
[Result "1-0"]
[WhiteElo "2577"]
[BlackElo "2560"]
[PlyCount "123"]
[EventDate "2003.08.17"]
[Source "ChessBase"]
[SourceDate "2003.11.11"]

1. e4 e5 2. Nf3 Nf6 3. Nc3 Nc6 4. Bc4 Bc5 5. d3 h6 6. a3 d6 7. Na4 Bg4 8. Nxc5 dxc5 9. h3 Bd7 10. b4 Qe7 11. O-O O-O 12. Bb2 Rad8 13. Re1 Bc8 14. Bd5 Nd4 15. bxc5 Qxc5 16. Nxd4 exd4 17. Bb3 Rfe8 18. Qd2 Be6 19. Qb4 Qb6 20. e5 Qxb4 21. axb4 Bxb3 22. cxb3 Nd5 23. Rxa7 Nxb4 24. Rd1 Rxe5 25. Rxb7 c5 26. Kf1 Rde8 27. Bxd4 cxd4 28. Rxb4 Rd5 29. Rb1 Ra8 30. Ra4 Rb8 31. Rc4 Ra8 32. b4 Rb8 33. Ke2 Kf8 34. Rbc1 Re5+ 35. Kf1 Reb5 36. Rc8+ Rxc8 37. Rxc8+ Ke7 38. Rc4 Rd5 39. Ke2 Kd6 40. Kd2 h5 41. Kc2 g5 42. Kb3 g4 43. hxg4 hxg4 44. Ka4 Rf5 45. Rc2 Re5 46. b5 Re1 47. b6 Rb1 48. Ka5 Rb3 49. Rc4 Rxd3 50. b7 Rb3 51. Ka6 d3 52. Rc3 Rb2 53. Rxd3+ Kc6 54. Rc3+ Kd7 55. Rc5 Ra2+ 56. Kb6 Rb2+ 57. Rb5 Rxb5+ 58. Kxb5 Kc7 59. Ka6 Kb8 60. Kb6 f5 61. Kc6 f4 62. f3 1-0

[Event "Hallstahammar Open"]
[Site "?"]
[Date "1997.??.??"]
[Round "?"]
[White "Zizak, Feri"]
[Black "Magnusson, Karl"]
[Result "1-0"]
[WhiteElo "2680"]
[BlackElo "2450"]
[PlyCount "107"]
[EventDate "1997.??.??"]
[Source "www.chesslib.no"]
[SourceDate "2004.05.04"]

1. e4 e5 2. Nf3 Nc6 3. Bc4 h6 4. c3 Nf6 5. d4 exd4 6. cxd4 Bb4+ 7. Nc3 O-O 8. Bd2 Qe8 9. O-O d6 10. h3 Qe7 11. Re1 Na5 12. Bd3 Bxc3 13. Bxc3 b6 14. Rc1 Bb7 15. d5 Bc8 16. b4 Nb7 17. Bxf6 Qxf6 18. Rxc7 a5 19. a3 axb4 20. axb4 Qb2 21. Qb1 Ra2 22. Qxb2 Rxb2 23. Rb1 Rxb1+ 24. Bxb1 Re8 25. Nd4 f5 26. f3 g6 27. Nc6 Kf8 28. Na7 fxe4 29. Rxc8 Nd8 30. Bxe4 Ke7 31. Nc6+ Kd7 32. Rxd8+ Rxd8 33. Nxd8 Kxd8 34. Bxg6 Ke7 35. Kf2 Kf6 36. Be4 Ke5 37. Ke3 b5 38. g4 Kf6 39. h4 Kg7 40. Kf4 Kf6 41. h5 Kg7 42. Kf5 Kf7 43. f4 Kg7 44. Ke6 Kf8 45. Kxd6 Kf7 46. Bf5 Ke8 47. Kc6 Kd8 48. d6 Ke8 49. Kc7 Kf8 50. d7 Kf7 51. d8=Q Kg7 52. Qe7+ Kg8 53. Bg6 Kh8 54. Qh7# 1-0

[Event "Moscow-4teams"]
[Site "Moscow"]
[Date "1981.??.??"]
[Round "?"]
[White "Bronstein, David I"]
[Black "Spassky, Boris V"]
[Result "1/2-1/2"]
[WhiteElo "2490"]
[BlackElo "2635"]
[PlyCount "39"]
[EventDate "1981.06.??"]
[Source "ChessBase"]

1. e4 e5 2. Nf3 Nc6 3. Nc3 Nf6 4. Bc4 Bc5 5. d3 d6 6. Be3 Bxe3 7. fxe3 Be6 8. Bxe6 fxe6 9. O-O O-O 10. Nd2 Nd7 11. Qe2 Qe7 12. Rxf8+ Rxf8 13. Rf1 Rxf1+ 14. Qxf1 a6 15. a3 Qf6 16. Qxf6 Nxf6 17. Nf3 h6 18. h3 Kf7 19. Kf2 Ke7 20. Ke2 1/2-1/2

[Event "JUG Cup"]
[Site "Ulcinj"]
[Date "1997.??.??"]
[Round "?"]
[White "Sokolov, Andrei"]
[Black "Djuric, Stefan"]
[Result "1/2-1/2"]
[WhiteElo "2580"]
[BlackElo "2535"]
[PlyCount "24"]
[EventDate "1997.??.??"]
[Source "www.chesslib.no"]
[SourceDate "2004.05.04"]

1. e4 e5 2. Nf3 Nc6 3. Bc4 d6 4. c3 Na5 5. Be2 Nf6 6. d4 exd4 7. cxd4 d5 8. exd5 Nxd5 9. O-O Be7 10. Ne5 O-O 11. Bd2 c5 12. dxc5 Bxc5 1/2-1/2

[Event "World Juniors"]
[Site "?"]
[Date "1997.??.??"]
[Round "13"]
[White "Morozevich Alexander"]
[Black "Gyimesi Zoltan"]
[Result "1/2-1/2"]
[WhiteElo "2595"]
[BlackElo "2500"]
[PlyCount "25"]
[EventDate "1997.??.??"]
[Source "www.chesslib.no"]
[SourceDate "2004.05.04"]

1. e4 e5 2. Nf3 Nc6 3. Bc4 g6 4. c3 Rb8 5. d3 Bc5 6. Bb3 a6 7. Nbd2 Bf8 8. h3 Qe7 9. Nf1 Kd8 10. Ng3 Bh6 11. O-O d5 12. Nd2 Bg4 13. Re1 1/2-1/2

[Event "Vienna op"]
[Site "Vienna"]
[Date "1986.??.??"]
[Round "?"]
[White "Mednis, Edmar John"]
[Black "Kortschnoj, Viktor"]
[Result "1-0"]
[WhiteElo "2455"]
[BlackElo "2635"]
[PlyCount "45"]
[EventDate "1986.01.??"]
[Source "ChessBase"]

1. e4 e5 2. Nf3 Nc6 3. Bc4 g6 4. c3 d6 5. d4 Qe7 6. dxe5 Nxe5 7. Nxe5 dxe5 8. O-O Nf6 9. Qf3 Be6 10. Bg5 Bg7 11. Nd2 h6 12. Bxf6 Bxf6 13. Bxe6 Qxe6 14. Nc4 Bg5 15. b3 O-O-O 16. Rad1 c6 17. Rxd8+ Rxd8 18. Rd1 h5 19. Rxd8+ Bxd8 20. Qxf7 Qxf7 21. Nd6+ Kc7 22. Nxf7 Bf6 23. Kf1 1-0

[Event "Ostrava"]
[Site "?"]
[Date "1994.??.??"]
[Round "?"]
[White "Sokolov, A."]
[Black "Conquest, S."]
[Result "1-0"]
[WhiteElo "2580"]
[BlackElo "2505"]
[PlyCount "69"]
[EventDate "1994.??.??"]
[Source "ChessBase"]
[SourceDate "1994.06.01"]

1. e4 e5 2. Nf3 Nc6 3. Bc4 Nf6 4. d3 Bc5 5. Nc3 a6 6. Bg5 h6 7. Bxf6 Qxf6 8. Nd5 Qd8 9. c3 d6 10. d4 Ba7 11. dxe5 Nxe5 12. Nxe5 dxe5 13. Qh5 O-O 14. Qxe5 Re8 15. Qf4 Qd6 16. Qf3 Be6 17. O-O-O Qc5 18. Bb3 Kh8 19. Rd2 b5 20. g4 Rad8 21. Rhd1 Bxd5 22. Bxd5 b4 23. Rc2 Re7 24. cxb4 Qxb4 25. a3 Qb8 26. g5 Rd6 27. Rc6 Rxc6+ 28. Bxc6 Re6 29. Bd5 Rb6 30. Rd2 hxg5 31. Qxf7 Rh6 32. e5 Bc5 33. b4 Bb6 34. e6 Rf6 35. e7 1-0

[Event "RUS-Cup"]
[Site "Krasnodar"]
[Date "1998.??.??"]
[Round "2"]
[White "Vokarev, Sergey"]
[Black "Malaniuk, Vladimir P"]
[Result "1/2-1/2"]
[WhiteElo "2485"]
[BlackElo "2600"]
[PlyCount "26"]
[EventDate "1998.??.??"]
[Source "www.chesslib.no"]
[SourceDate "2004.05.04"]

1. e4 e5 2. Nf3 Nc6 3. Bc4 d6 4. O-O Be7 5. Re1 Nf6 6. Bb3 O-O 7. c3 h6 8. h3 Nh7 9. d4 Ng5 10. Nbd2 Bf6 11. Nxg5 Bxg5 12. dxe5 Nxe5 13. Nf3 Bxc1 1/2-1/2

[Event "Villa Gesell"]
[Site "Villa Gesell"]
[Date "1996.??.??"]
[Round "3"]
[White "Rodriguez, Andres"]
[Black "Spangenberg, Hugo"]
[Result "0-1"]
[WhiteElo "2575"]
[BlackElo "2505"]
[PlyCount "66"]
[EventDate "1996.03.??"]
[Source "ChessBase"]

1. e4 Nf6 2. Nc3 e5 3. Bc4 Nc6 4. Nf3 Bc5 5. d3 d6 6. a3 a6 7. h3 Be6 8. Nd5 Bxd5 9. exd5 Ne7 10. d4 exd4 11. Nxd4 O-O 12. Bg5 Ng6 13. O-O h6 14. Be3 Re8 15. Ba2 Re5 16. Qf3 Nh4 17. Qg3 Ne4 18. Qf4 Qe7 19. Kh1 Re8 20. Rad1 g5 21. Qh2 Nf5 22. Nxf5 Rxf5 23. Bxc5 dxc5 24. f3 Nd6 25. Qg1 b6 26. c3 Re5 27. Bb1 Re2 28. b4 c4 29. Qd4 Qe5 30. Qg4 Qxc3 31. h4 Qg7 32. h5 b5 33. Qd7 Qe5 0-1

[Event "Cap d'Agde"]
[Site "?"]
[Date "2000.??.??"]
[Round "?"]
[White "Sokolov, And"]
[Black "Lalic, B."]
[Result "1-0"]
[WhiteElo "2560"]
[BlackElo "2520"]
[PlyCount "63"]
[EventDate "2000.??.??"]
[Source "Chess Informant"]
[SourceDate "2000.10.01"]

1. e4 e5 2. Nf3 Nc6 3. Bc4 Nf6 4. d3 Bc5 5. Nc3 d6 6. Bg5 h6 7. Bxf6 Qxf6 8. Nd5 Qd8 9. c3 a6 10. d4 exd4 11. cxd4 Ba7 12. Rc1 O-O 13. h3 Kh8 14. O-O Ne7 15. Nf4 b5 16. Bd3 c5 17. Bb1 cxd4 18. Nxd4 Qb6 19. Nf3 Ng6 20. Nxg6+ fxg6 21. e5 Bb7 22. Qxd6 Qxd6 23. exd6 Bxf3 24. gxf3 Rad8 25. Rfd1 Rxf3 26. Rd2 Kg8 27. d7 Kf7 28. a3 Rf4 29. Ba2+ Kf8 30. Rc8 Ke7 31. Re2+ Kxd7 32. Be6+ 1-0

[Event "XXVII Open A"]
[Site "Bethune FRA"]
[Date "2006.12.27"]
[Round "3"]
[White "Abergel, T."]
[Black "L'Ami, E."]
[Result "1/2-1/2"]
[WhiteElo "2474"]
[BlackElo "2593"]
[PlyCount "169"]
[EventDate "2006.12.26"]
[Source "www.chesslib.no"]
[SourceDate "2004.05.04"]

1. e4 e5 2. Nf3 Nc6 3. Bc4 Nf6 4. d3 Bc5 5. Nc3 d6 6. Bg5 h6 7. Be3 Bb6 8. Bb3 Be6 9. Bxb6 axb6 10. Bxe6 fxe6 11. d4 exd4 12. Nxd4 Qd7 13. O-O e5 14. Nf5 O-O 15. Ne3 Nd4 16. Ned5 Ne6 17. Qd3 Nh5 18. Qh3 Qf7 19. Ne2 b5 20. a3 c6 21. Ndc3 Qg6 22. Rad1 Rf6 23. Kh1 Nef4 24. Nxf4 Nxf4 25. Qg3 Qh5 26. Qe3 Qg6 27. Rg1 Raf8 28. Rd2 h5 29. f3 h4 30. h3 Qg5 31. Qe1 Nh5 32. Ne2 Rg6 33. Rd3 Ng3+ 34. Nxg3 hxg3 35. Qd2 Qxd2 36. Rxd2 Kf7 37. Rgd1 Ke7 38. Kg1 Ra8 39. Kf1 Rf6 40. Ke2 g5 41. Ke3 Ra4 42. c3 Ra8 43. Rd3 Rd8 44. R3d2 Rff8 45. Rd3 Ke6 46. R3d2 Rd7 47. Rd3 Ke7 48. R3d2 Rf6 49. Rd3 Kd8 50. Kd2 Kc7 51. Kc2 Rf8 52. R3d2 Rfd8 53. Rd3 Kb6 54. Re1 Kc5 55. Re2 Kb6 56. Re1 Kc7 57. Re2 Rg8 58. Red2 Rf8 59. Rd1 Rf6 60. R1d2 Kd8 61. Kd1 Ke7 62. Ke2 Rh6 63. Rd1 Rh8 64. R1d2 Ke6 65. Rd1 d5 66. Ke3 Rhd8 67. R3d2 Rd6 68. Rd3 R8d7 69. R3d2 Ke7 70. exd5 cxd5 71. Rd3 Ke6 72. R1d2 Rc7 73. Re2 Rc4 74. Red2 Rc5 75. Rd1 d4+ 76. Ke4 Rdd5 77. cxd4 exd4 78. f4 gxf4 79. Kxf4 Rc2 80. R1d2 Rxd2 81. Rxd2 Rf5+ 82. Kxg3 Ke5 83. Rf2 Rg5+ 84. Kf3 d3 85. h4 1/2-1/2

[Event "Nassau CC-ch"]
[Site "?"]
[Date "2000.11.13"]
[Round "5"]
[White "Stripunsky Alexander"]
[Black "Ritter Mark"]
[Result "1-0"]
[WhiteElo "2610"]
[BlackElo "2448"]
[PlyCount "79"]
[EventDate "2000.??.??"]
[Source "www.chesslib.no"]
[SourceDate "2004.05.04"]

1. e4 e5 2. Bc4 Nc6 3. Nc3 Nf6 4. d3 Bc5 5. Nf3 d6 6. Bg5 h6 7. Bxf6 Qxf6 8. Nd5 Qd8 9. c3 O-O 10. b4 Bb6 11. a4 a6 12. Nxb6 cxb6 13. Nd2 Ne7 14. Bb3 d5 15. O-O Be6 16. Re1 Ng6 17. g3 Re8 18. Nf1 d4 19. Bxe6 Rxe6 20. c4 Qd6 21. Qd2 Rc8 22. Rec1 Qe7 23. Rab1 h5 24. Rc2 h4 25. a5 hxg3 26. hxg3 Nf8 27. Nh2 Nd7 28. Kg2 bxa5 29. bxa5 Nc5 30. Rcc1 Rg6 31. Nf3 Rh6 32. Rh1 Rxh1 33. Rxh1 Rc6 34. Nh4 g6 35. Nf3 Qf6 36. Nh2 Qg7 37. Ng4 f6 38. f4 Ne6 39. fxe5 fxe5 40. Qf2 1-0

[Event "CXEB"]
[Site "?"]
[Date "1999.09.20"]
[Round "?"]
[White "Martin Clemente Joel (ESP)"]
[Black "Rich Charles (ENG)"]
[Result "1/2-1/2"]
[WhiteElo "2561"]
[BlackElo "2496"]
[PlyCount "98"]
[EventDate "1999.??.??"]
[Source "www.chesslib.no"]
[SourceDate "2004.05.04"]

1. e4 e5 2. Nf3 Nc6 3. Bc4 d6 4. c3 Qe7 5. d3 Nf6 6. Nbd2 g6 7. O-O Bg7 8. Re1 O-O 9. Nf1 Na5 10. Bb5 a6 11. Ba4 b5 12. Bc2 c5 13. Ne3 Be6 14. d4 exd4 15. cxd4 Qc7 16. Bd2 Ng4 17. Nf1 cxd4 18. h3 Ne5 19. Nxd4 Nec6 20. Bxa5 Nxa5 21. Nxe6 fxe6 22. Rb1 Rad8 23. Ne3 Qf7 24. Re2 Nc6 25. Rd2 h5 26. Bb3 Nd4 27. Nc2 Nxb3 28. axb3 d5 29. exd5 exd5 30. Nb4 Rd6 31. Re2 Re8 32. Rxe8+ Qxe8 33. Rc1 Bxb2 34. Rc2 Bg7 35. Nxd5 a5 36. Rc5 a4 37. bxa4 bxa4 38. Ra5 Qe5 39. h4 a3 40. g3 a2 41. Rxa2 Qxd5 42. Qxd5+ Rxd5 43. Kg2 Be5 44. Re2 Kg7 45. Ra2 Kf6 46. Re2 Kf5 47. Kf3 Rb5 48. Kg2 Ra5 49. Kf3 Bd4 1/2-1/2

[Event "Ch Uzbekistan"]
[Site "Tashkent (Uzbekistan)"]
[Date "2007.05.19"]
[Round "9"]
[White "Iuldachev Saidali (UZB)"]
[Black "Gareev Timur (UZB)"]
[Result "0-1"]
[WhiteElo "2504"]
[BlackElo "2551"]
[PlyCount "86"]
[EventDate "2007.??.??"]
[Source "www.chesslib.no"]
[SourceDate "2004.05.04"]

1. e4 e5 2. Nf3 Nc6 3. Bc4 d6 4. d4 Bg4 5. c3 Qd7 6. Be3 Nf6 7. O-O Nxe4 8. dxe5 dxe5 9. Qxd7+ Bxd7 10. Bd5 Nd6 11. Bxc6 Bxc6 12. Nxe5 Bd5 13. Rd1 Be6 14. Bc5 b6 15. Bxd6 Bxd6 16. Nc6 f6 17. Nd2 Bd7 18. Nd4 O-O-O 19. Nc4 Be7 20. Ne3 Rhe8 21. a3 Bf8 22. h3 c5 23. Ne2 Be6 24. Rxd8+ Rxd8 25. Rd1 Rxd1+ 26. Nxd1 b5 27. Ne3 Kc7 28. Kf1 Bd6 29. Ng3 a5 30. Ke2 Kc6 31. Kd3 Be5 32. Ne2 Ba2 33. Kc2 Bf7 34. Ng4 Bc7 35. Ne3 g5 36. Kd2 h5 37. Nf5 h4 38. f4 Be6 39. Ng7 Bd5 40. Nh5 Bxg2 41. Nxf6 gxf4 42. Ng1 f3 43. Ng4 c4 0-1

[Event "TCh-RUS Siberian Zone, Omsk RUS"]
[Site "?"]
[Date "2001.??.??"]
[Round "7"]
[White "Belozerov, A."]
[Black "Smikovski, I."]
[Result "1/2-1/2"]
[WhiteElo "2550"]
[BlackElo "2500"]
[PlyCount "25"]
[EventDate "2001.??.??"]
[Source "www.chesslib.no"]
[SourceDate "2004.05.04"]

1. e4 e5 2. Nf3 Nc6 3. Bc4 Nf6 4. d3 Bc5 5. Nc3 h6 6. Nd5 d6 7. c3 Nxd5 8. Bxd5 Ne7 9. Bb3 Ng6 10. d4 Bb6 11. dxe5 Nxe5 12. Nxe5 dxe5 13. Qxd8+ 1/2-1/2

[Event "SSDF 40-2, DK Bramming"]
[Site "?"]
[Date "1999.04.06"]
[Round "8"]
[White "MChess 8 P200MMX 60MB"]
[Black "Nimzo 99 P200MMX 47MB"]
[Result "0-1"]
[WhiteElo "2481"]
[BlackElo "2565"]
[PlyCount "214"]
[EventDate "1999.??.??"]
[Source "www.chesslib.no"]
[SourceDate "2004.05.04"]

1. e4 e5 2. Nc3 Nf6 3. Bc4 Nc6 4. Nf3 Bc5 5. d3 d6 6. Na4 Bb6 7. c3 Be6 8. Bb5 O-O 9. Bxc6 bxc6 10. Bg5 Qe7 11. O-O h6 12. Bh4 Bc8 13. h3 a5 14. Nxb6 cxb6 15. Re1 c5 16. Nd2 Be6 17. a4 Rac8 18. Nc4 Bxc4 19. dxc4 Qe6 20. b3 g6 21. Ra2 Nh5 22. Rd2 Rc6 23. Qe2 Nf4 24. Qf3 g5 25. Bg3 Re8 26. Red1 Qg6 27. Qe3 Qe6 28. f3 Kf8 29. Bf2 Ke7 30. Qe1 Kd7 31. Kh2 Rf8 32. Qf1 f5 33. Qe1 fxe4 34. Qxe4 Rf7 35. Qb1 Kc8 36. Be3 Rd7 37. Qe4 Kc7 38. Bg1 h5 39. Qe1 h4 40. Qe3 Kb8 41. Qe4 Rc8 42. Be3 Rcc7 43. Qb1 Rb7 44. Qc2 Rbc7 45. Kg1 Rc8 46. Qe4 Rcc7 47. Bf2 Ka7 48. Kh2 Rc8 49. Be3 Rcc7 50. Kh1 Kb8 51. Bg1 Ka7 52. Bf2 Rd8 53. Kh2 Rdd7 54. Bg1 Rc8 55. Re1 Rdc7 56. Be3 Qf6 57. Red1 Rd8 58. b4 Qe7 59. bxa5 bxa5 60. Kh1 Ne6 61. Rb2 Qh7 62. Qg4 Qg6 63. Rb5 Ka6 64. Rd2 Rcd7 65. Kh2 Rc7 66. Rdb2 Nf4 67. R5b3 Ka7 68. Rb6 Qg8 69. R6b5 Ka6 70. Qf5 Qxc4 71. Qxg5 Ne6 72. Qg4 Qxg4 73. hxg4 Rdd7 74. g5 Nf4 75. Bxf4 exf4 76. Kh3 d5 77. Re2 d4 78. Re6+ Ka7 79. Rxa5+ Kb7 80. Rb5+ Ka7 81. cxd4 cxd4 82. Ra5+ Kb7 83. Ree5 Kc8 84. Re8+ Kb7 85. Rb5+ Ka7 86. Re1 d3 87. Rd1 Rc2 88. a5 d2 89. Rbb1 Rdc7 90. Rb4 Rd7 91. Kxh4 Rc1 92. Rb1 Rxb1 93. Rxb1 d1=R 94. Rxd1 Rxd1 95. g3 fxg3 96. Kxg3 Kb7 97. Kf4 Kc7 98. Kf5 Kd7 99. Kf6 Ke8 100. f4 Ra1 101. a6 Rxa6+ 102. Kg7 Ke7 103. f5 Ra7 104. g6 Ra6 105. Kh8 Ra3 106. Kg7 Rf3 107. f6+ Rxf6 0-1

[Event "Cannes op 18th"]
[Site "Cannes"]
[Date "1997.??.??"]
[Round "5"]
[White "Godena, Michele"]
[Black "Summerscale, Aaron"]
[Result "1-0"]
[WhiteElo "2545"]
[BlackElo "2500"]
[PlyCount "85"]
[EventDate "1997.02.22"]
[Source "ChessBase"]

1. e4 e5 2. Nf3 d6 3. Bc4 Nc6 4. c3 g6 5. d4 Bg7 6. Bg5 Nge7 7. dxe5 dxe5 8. Qe2 O-O 9. Nbd2 Qe8 10. Bh4 Nd8 11. Bg3 Nec6 12. Bd5 Kh8 13. O-O f6 14. Rfe1 Ne6 15. Rad1 Ncd8 16. b4 Bh6 17. Bb3 Nf4 18. Bxf4 Bxf4 19. Nc4 Ne6 20. Ne3 Bh6 21. g3 a5 22. a3 axb4 23. axb4 Bd7 24. h4 Bg7 25. h5 Bb5 26. Bc4 Bxc4 27. Qxc4 b5 28. Qe2 Ra3 29. hxg6 hxg6 30. Qb2 Ra6 31. Kg2 Kg8 32. Qb3 Qf7 33. Qd5 c6 34. Qd7 Re8 35. Nh4 Nf8 36. Qg4 Ra3 37. Rd3 Qe6 38. Qf3 Re7 39. Red1 Rd7 40. Rxd7 Nxd7 41. Nxg6 Rxc3 42. Qh5 Qe8 43. Nf5 1-0

[Event "SFch-NED"]
[Site "Leeuwarden"]
[Date "2004.03.14"]
[Round "2.3"]
[White "Bosch, Jeroen"]
[Black "Van den Doel, Erik"]
[Result "1/2-1/2"]
[WhiteElo "2445"]
[BlackElo "2599"]
[PlyCount "84"]
[EventDate "2004.02.28"]
[Source "Roberto Alvarez"]
[SourceDate "2004.03.15"]

1. e4 e5 2. Nf3 Nc6 3. Bc4 Nf6 4. d3 Bc5 5. Nc3 d6 6. Bg5 h6 7. Bxf6 Qxf6 8. Nd5 Qd8 9. c3 a6 10. d4 Ba7 11. dxe5 Nxe5 12. Nxe5 dxe5 13. Qh5 O-O 14. Qxe5 Re8 15. Qf4 Qd6 16. Qf3 Be6 17. O-O-O Qe5 18. Bb3 c6 19. Nb4 Bxb3 20. axb3 Qe6 21. Rhe1 a5 22. Nd3 Qxb3 23. Kb1 a4 24. Nc1 Qe6 25. Re2 Rad8 26. Rd3 b5 27. e5 Bb8 28. Qe4 Rxd3 29. Nxd3 Rd8 30. Nc5 Qd5 31. Qxd5 Rxd5 32. e6 fxe6 33. Nxe6 Be5 34. f4 Bf6 35. Kc2 Kf7 36. g4 g6 37. h3 Rd6 38. Nc5 Rd5 39. Ne6 Rd6 40. Nc5 Rd5 41. Ne6 Rd6 42. Nc5 Rd5 1/2-1/2

[Event "BUL Team Ch"]
[Site "Bankia"]
[Date "1991.??.??"]
[Round "5"]
[White "Spasov, Vasil V"]
[Black "Georgiev, Krum I"]
[Result "1/2-1/2"]
[WhiteElo "2550"]
[BlackElo "2480"]
[PlyCount "53"]
[EventDate "1991.??.??"]
[Source "www.chesslib.no"]
[SourceDate "2004.05.04"]

1. e4 e5 2. Nf3 Nc6 3. Bc4 d6 4. O-O Bg4 5. c3 Qd7 6. Re1 Nf6 7. Bb3 Be7 8. d3 O-O 9. Nbd2 Kh8 10. Nc4 Ng8 11. Ne3 Bh5 12. Nf5 Bg4 13. Ng3 g6 14. h3 Bxf3 15. Qxf3 Bh4 16. Nf1 f5 17. g3 Bf6 18. Qg2 Bg7 19. Nh2 Rae8 20. Bd2 Bh6 21. Rad1 Na5 22. Bc2 Bxd2 23. Rxd2 Nf6 24. exf5 gxf5 25. Rde2 Nc6 26. Kh1 Rg8 27. Qf3 1/2-1/2

[Event "Titograd"]
[Site "Titograd"]
[Date "1984.??.??"]
[Round "?"]
[White "Ivanovic, Bozidar"]
[Black "Djuric, Stefan"]
[Result "0-1"]
[WhiteElo "2525"]
[BlackElo "2500"]
[PlyCount "86"]
[EventDate "1984.12.??"]
[Source "ChessBase"]

1. e4 e5 2. Nf3 Nc6 3. Bc4 Nf6 4. d3 Bc5 5. Nc3 d6 6. Bg5 h6 7. Bxf6 Qxf6 8. Nd5 Qd8 9. c3 Ne7 10. d4 Nxd5 11. dxc5 Nf4 12. g3 Nh3 13. cxd6 O-O 14. d7 Bxd7 15. Nxe5 Qe7 16. f4 Rad8 17. Qe2 Be6 18. Bxe6 Qxe6 19. b3 f6 20. Nf3 Rfe8 21. Nd2 Qc6 22. Qc4+ Qxc4 23. bxc4 Nf2 24. Kxf2 Rxd2+ 25. Ke3 Red8 26. Kf3 R8d3+ 27. Kg4 Rxc3 28. Rhc1 Ra3 29. Rab1 b6 30. c5 Rdxa2 31. e5 fxe5 32. cxb6 cxb6 33. fxe5 Re2 34. Rb5 Ree3 35. Kf5 Rxg3 36. Rd5 Raf3+ 37. Ke6 Rg6+ 38. Kd7 Rf7+ 39. Kd8 Re6 40. Rc7 Rf8+ 41. Kd7 Rfe8 42. Rc8 R6e7+ 43. Kd6 Rxe5 0-1

[Event "RUS-Cup2"]
[Site "Moscow"]
[Date "1996.??.??"]
[Round "7"]
[White "Shchekachev, Andrei"]
[Black "Dragomarezkij, Evgeni"]
[Result "1/2-1/2"]
[WhiteElo "2560"]
[BlackElo "2465"]
[PlyCount "86"]
[EventDate "1996.11.28"]
[Source "www.chesslib.no"]
[SourceDate "2004.05.04"]

1. e4 e5 2. Nf3 Nf6 3. Nc3 Nc6 4. Bc4 Bc5 5. d3 d6 6. Bg5 h6 7. Bxf6 Qxf6 8. Nd5 Qd8 9. c3 a6 10. d4 exd4 11. cxd4 Bd7 12. h3 O-O 13. O-O Be6 14. Rc1 Rc8 15. Bxa6 Nxd4 16. Nxd4 Bxd4 17. Bxb7 Rb8 18. Qxd4 Rxb7 19. b4 Qd7 20. Nc3 Rc8 21. b5 c6 22. a4 cxb5 23. Nxb5 Ra8 24. Rc3 Qd8 25. Rg3 f6 26. Rc1 Ra6 27. Rd1 Rd7 28. Rc3 Bf7 29. Qb4 d5 30. Rcd3 Qe7 31. Qxe7 Rxe7 32. exd5 Rxa4 33. d6 Rd7 34. Rc3 Bc4 35. Nc7 Kf7 36. Kh2 Be6 37. Rd2 h5 38. Re3 Bf5 39. Rd5 Be4 40. Rd2 Rc4 41. f3 Bf5 42. Ne8 Rc8 43. Rde2 Kf8 1/2-1/2

[Event "Corr"]
[Site "corr"]
[Date "1987.??.??"]
[Round "?"]
[White "Isaev, A.N."]
[Black "Sek, Zbigniew"]
[Result "1/2-1/2"]
[WhiteElo "2460"]
[BlackElo "2565"]
[PlyCount "104"]
[EventDate "1987.??.??"]
[Source "www.chesslib.no"]
[SourceDate "2004.05.04"]

1. e4 e5 2. Nf3 Nc6 3. Bc4 d6 4. d4 exd4 5. Nxd4 Nf6 6. Nc3 Be7 7. O-O O-O 8. Bf4 Bd7 9. Re1 Nxd4 10. Qxd4 Bc6 11. e5 dxe5 12. Bxe5 Qxd4 13. Bxd4 Rfe8 14. Nb5 Bxb5 15. Bxb5 c6 16. Bc4 a6 17. Rad1 Rad8 18. Bb6 Rxd1 19. Rxd1 Kf8 20. f3 Rc8 21. c3 c5 22. a4 Rc6 23. a5 Rd6 24. Rxd6 Bxd6 25. g4 Nd7 26. Ba7 Bc7 27. Bd5 b5 28. Bb7 Bxa5 29. Bxa6 b4 30. cxb4 Bxb4 31. Kf2 Ke7 32. Bb5 Kd6 33. Ke3 Kc7 34. Bxd7 Kxd7 35. Ke4 Kc6 36. Bb8 Ba5 37. h4 Bd8 38. h5 g6 39. Ke5 gxh5 40. gxh5 c4 41. f4 Be7 42. Kd4 Kb5 43. Kd5 Bf6 44. Be5 Be7 45. f5 Bf8 46. Bf6 Bb4 47. Bg5 Bf8 48. Bf6 Bb4 49. Bh4 Bf8 50. Ke5 Bg7+ 51. Bf6 Bf8 52. Kd5 Bb4 1/2-1/2

[Event "XI Festival"]
[Site "Voronezh RUS"]
[Date "2007.06.18"]
[Round "6"]
[White "Novikov, St"]
[Black "Tarlev, K."]
[Result "0-1"]
[WhiteElo "2556"]
[BlackElo "2468"]
[PlyCount "45"]
[EventDate "2007.06.12"]
[Source "www.chesslib.no"]
[SourceDate "2004.05.04"]

1. e4 Nc6 2. Nf3 e5 3. Bc4 Be7 4. O-O d6 5. d3 Nf6 6. a4 O-O 7. Nbd2 h6 8. a5 a6 9. c3 Nh7 10. Ne1 Kh8 11. Nc2 f5 12. exf5 d5 13. Bb3 Bxf5 14. Qe2 Nf6 15. Re1 Bc5 16. Nf1 e4 17. dxe4 Bg4 18. Qd2 Nxe4 19. Rxe4 Bxf2+ 20. Qxf2 Rxf2 21. Rxg4 Qf6 22. Be3 Rf8 23. Nd2 0-1